BIBLIOTHÈQUE DE LA MAISON DU MEXIQUE

Logo 1 Logo 2

Artes de México (notice nᵒ 4678)

détails MARC
000 -Sello discográfico
campo de control de longitud fija 01166nam a2200397 4500
005 - Identificación de versión
campo de control 20251017062729.0
010 ## - Número Estándar Internacional de Libros (ISBN)
Número (ISBN) 970-683-024-3
035 ## - Otros números de control del sistema
Número de control del sistema 28554
099 ## - fechas locales
Tipo de ítem Koha LIBRO
100 ## - Datos de procesamiento general
Datos de procesamiento general 20020904d2001 m y1spay5003 ba
200 1# - Título y mención de responsabilidad
Título propio Artes de México
Designación general del material texto impreso
Otra información del título Serpiente popular
Primer mención de responsabilidad Alberto Ruy Sánchez Lacy, Dominique Dufétel, Ruth D. Lechuga
210 ## - Publicación, distribución, etc.
Lugar de publicación, distribución, etc. México
Nombre del editor, distribuidor, etc. Artes de México y del Mundo
Fecha de publicación, distribución, etc. 2001
215 ## - Descripción física
Designación de material específico y extensión del ítem 80 p
Otras características físicas il.
Dimensiones 32 cm
300 ## - Notas generales
Texto de la nota Textos en español e inglés
318 ## - Nota de acción
Acción No se presta a domicilio
345 ## - Nota de información de adquisición
Fuente de adquisición/dirección de la suscripción [OBSOLETO] Donación
410 #1 - Series
Título Artes de México
Número Internacional Normalizado para Publicaciones Seriadas 0300-4953
Número de volumen 56
606 ## - Término temático usado como materia
Elemento de entrada Arte popular
Subdivisión geográfica México
Número Koha 836
606 ## - Término temático usado como materia
Elemento de entrada Arte
Subdivisión temática Publicaciones periódicas
Subdivisión geográfica México
Número Koha 52
660 ## - Código de área geográfica
Código MX
676 ## - Clasificación Decimal Dewey
Número R702 A78 v.56
700 ## - Nombre personal - Responsabilidad primaria
Elemento de entrada Ruy Sánchez Lacy
Parte del nombre distinta del elemento de entrada Alberto
Fechas 1951-
Número Koha 54
701 ## - Nombre personal - Responsabilidad alternativa
Elemento de entrada Dufétel
Parte del nombre distinta del elemento de entrada Dominique
Número Koha 55
701 ## - Nombre personal - Responsabilidad alternativa
Elemento de entrada Lechuga
Parte del nombre distinta del elemento de entrada Ruth Deutsch
Fechas 1920-2004
Número Koha 2408
801 #0 - Fuente de origen
Agencia cm
900 ## -
-- 1/1988
900 ## -
-- 7100213775\040902
942 ## - ELEMENTOS DE ENTRADA SECUNDARIOS (KOHA)
Tipo de ítem Koha Livre

Pas d'exemplaire disponible.